[Event "Krefeld Easter op"]
[Site "Krefeld"]
[Date "2025.04.21"]
[Round "9"]
[White "Althoff, Ralph"]
[Black "Gieseler, Felix"]
[Result "1/2-1/2"]
[WhiteElo "2026"]
[BlackElo "1976"]
[PlyCount "30"]
[EventDate "2025.04.17"]
[EventType "swiss"]
[EventRounds "9"]
[EventCountry "GER"]
[SourceTitle "CB17_2025"]
[SourceDate "2025.04.23"]
[SourceVersion "1"]
[SourceVersionDate "2025.04.23"]
[SourceQuality "1"]

1. d4 Nf6 2. Bg5 d5 3. e3 c5 4. Bxf6 exf6 5. dxc5 Nc6 6. c3 Bxc5 7. Nf3 Bf5 8. Nbd2 0-0 9. Be2 h6 10. 0-0 Qd7 11. Nb3 Bd6 12. Nbd4 Be4 13. Qa4 a6 14. Nd2 b5 15. Qd1 Nxd4 1/2-1/2

[Event "Krefeld Easter op"]
[Site "Krefeld"]
[Date "2025.04.20"]
[Round "6"]
[White "Gieseler, Felix"]
[Black "Nathe, Nico"]
[Result "1-0"]
[WhiteElo "1976"]
[BlackElo "1779"]
[PlyCount "41"]
[EventDate "2025.04.17"]
[EventType "swiss"]
[EventRounds "9"]
[EventCountry "GER"]
[SourceTitle "CB17_2025"]
[SourceDate "2025.04.23"]
[SourceVersion "1"]
[SourceVersionDate "2025.04.23"]
[SourceQuality "1"]

1. e4 c5 2. Nf3 Nc6 3. c3 g6 4. d4 cxd4 5. cxd4 Bg7 6. d5 Ne5 7. Nc3 d6 8. Nxe5 Bxe5 9. Bb5+ Bd7 10. Bxd7+ Qxd7 11. 0-0 Bg7 12. Qd3 Nf6 13. f3 0-0 14. Be3 Rfd8 15. Rfd1 Ne8 16. Rac1 Nc7 17. Bd4 Bxd4+ 18. Qxd4 Nb5 19. Nxb5 Qxb5 20. Rc7 Rd7 21. a4 1-0

[Event "Dortmund Sparkassen op-A 51st"]
[Site "Dortmund"]
[Date "2024.08.18"]
[Round "9"]
[White "Gieseler, Felix"]
[Black "Karaissaridis, Christos"]
[Result "0-1"]
[WhiteElo "1960"]
[BlackElo "1902"]
[PlyCount "60"]
[EventDate "2024.08.10"]
[EventType "swiss"]
[EventRounds "9"]
[EventCountry "GER"]
[SourceTitle "CBM 221 Extra"]
[Source "ChessBase"]
[SourceDate "2024.09.30"]
[SourceVersion "1"]
[SourceVersionDate "2024.09.30"]
[SourceQuality "1"]

1. e4 d6 2. d4 Nf6 3. Nc3 g6 4. Be3 c6 5. Qd2 b5 6. Bd3 Nbd7 7. Nf3 Bg7 8. Bh6 0-0 9. h4 Bxh6 10. Qxh6 Ng4 11. Qd2 h5 12. Ng5 e5 13. f3 Ngf6 14. Ne2 Qb6 15. Qb4 Qc7 16. Qc3 a6 17. a4 Bb7 18. axb5 axb5 19. 0-0 Qb6 20. Rxa8 Rxa8 21. Qb3 d5 22. c4 dxc4 23. Bxc4 bxc4 24. Qxc4 Rf8 25. Kh1 Ba6 26. Qc2 exd4 27. Rd1 d3 28. Rxd3 Bxd3 29. Qxd3 Qxb2 30. f4 Ng4 0-1

[Event "Dortmund Sparkassen op-A 51st"]
[Site "Dortmund"]
[Date "2024.08.15"]
[Round "6"]
[White "Mader, Fabian"]
[Black "Gieseler, Felix"]
[Result "0-1"]
[WhiteElo "2019"]
[BlackElo "1960"]
[PlyCount "116"]
[EventDate "2024.08.10"]
[EventType "swiss"]
[EventRounds "9"]
[EventCountry "GER"]
[SourceTitle "CBM 221 Extra"]
[Source "ChessBase"]
[SourceDate "2024.09.30"]
[SourceVersion "1"]
[SourceVersionDate "2024.09.30"]
[SourceQuality "1"]

1. e4 e5 2. Bc4 Nf6 3. d3 c6 4. Nf3 d5 5. exd5 cxd5 6. Bb5+ Bd7 7. Bxd7+ Nbxd7 8. 0-0 Bd6 9. Re1 0-0 10. Nc3 a6 11. Bg5 Qc7 12. h3 Rac8 13. Rc1 Rfe8 14. Nh4 Bb4 15. Nf5 Re6 16. Bd2 Qb6 17. Qf3 d4 18. Ne4 Bxd2 19. Nxd2 Qxb2 20. Nc4 Qxa2 21. Qxb7 Rce8 22. Ncd6 Rb8 23. Qf3 Qd5 24. Qg3 g6 25. Nh6+ Kg7 26. Ndxf7 Rf8 27. Ng5 Kxh6 28. Nxe6 Qxe6 29. Qh4+ Kg7 30. Qxd4 Qxh3 31. Rxe5 Nxe5 32. Qxe5 Qd7 33. Rb1 Re8 34. Qa5 Qe6 35. c4 Ng4 36. Qc3+ Qe5 37. Qxe5+ Nxe5 38. Rb7+ Kf6 39. c5 Nxd3 40. c6 Re1+ 41. Kh2 Rc1 42. c7 Nxf2 43. Rb6+ Kg5 44. Rxa6 Rxc7 45. Kg3 Ne4+ 46. Kf3 Nd2+ 47. Ke3 Nc4+ 48. Kf2 Kg4 49. Ra4 g5 50. Rb4 h5 51. Ra4 h4 52. Rb4 h3 53. gxh3+ Kxh3 54. Kg1 Nd2 55. Rb8 Rf7 56. Rh8+ Kg3 57. Rh3+ Kxh3 58. Kh1 Rf1# 0-1

[Event "Dortmund Sparkassen op-A 51st"]
[Site "Dortmund"]
[Date "2024.08.11"]
[Round "2"]
[White "Michalke, Guenter"]
[Black "Gieseler, Felix"]
[Result "1/2-1/2"]
[WhiteElo "2174"]
[BlackElo "1960"]
[PlyCount "113"]
[EventDate "2024.08.10"]
[EventType "swiss"]
[EventRounds "9"]
[EventCountry "GER"]
[SourceTitle "CBM 221 Extra"]
[Source "ChessBase"]
[SourceDate "2024.09.30"]
[SourceVersion "1"]
[SourceVersionDate "2024.09.30"]
[SourceQuality "1"]

1. d4 Nf6 2. Nf3 d5 3. c4 e6 4. g3 Bb4+ 5. Bd2 Be7 6. Bg2 0-0 7. 0-0 Nbd7 8. Qc2 c5 9. cxd5 exd5 10. Nc3 b6 11. Rad1 Bb7 12. Bf4 Rc8 13. Qf5 g6 14. Qb1 a6 15. Bh3 Re8 16. e4 dxe4 17. Ne5 c4 18. Nxd7 Nxd7 19. Nxe4 Bf8 20. d5 f5 21. Bg5 Be7 22. Bxe7 Qxe7 23. Nc3 Qd6 24. Rfe1 Ne5 25. Bg2 Nd3 26. Rxe8+ Rxe8 27. Bf1 Ne5 28. Be2 b5 29. a3 Rd8 30. Qc1 Nf7 31. Qe3 Kf8 32. f4 Re8 33. Qd4 Kg8 34. Kf2 Rc8 35. Bf3 Re8 36. Rd2 Re7 37. a4 b4 38. Nd1 Rc7 39. Ne3 c3 40. bxc3 bxc3 41. Rc2 Qc5 42. Qxc5 Rxc5 43. Ke2 Ra5 44. Rxc3 Rxa4 45. Rb3 Bc8 46. Rb8 Nd6 47. Rb6 Nb5 48. Nc2 Rc4 49. Rc6 Rxc2+ 50. Rxc2 Nd4+ 51. Kd3 Nxc2 52. Kxc2 Kf7 53. Kc3 Ke7 54. Kd4 Kd6 55. Be2 h6 56. h4 h5 57. Bc4 1/2-1/2